[Event "Santiago 2.5"]
[Site "Santiago de Chile"]
[Date "2025.03.12"]
[Round "6"]
[White "Ricouz Vasquez, Enzo Joaquin"]
[Black "Hutt, Alejandro Gabriel"]
[Result "0-1"]
[WhiteElo "1872"]
[BlackElo "2042"]
[PlyCount "158"]
[EventDate "2025.03.09"]
[EventType "swiss"]
[EventRounds "9"]
[EventCountry "CHI"]
[SourceTitle "CB12_2025"]
[SourceDate "2025.03.19"]
[SourceVersion "1"]
[SourceVersionDate "2025.03.19"]
[SourceQuality "1"]

1. e4 e6 2. d3 d5 3. Nd2 Nf6 4. Ngf3 Nc6 5. Be2 Bc5 6. 0-0 e5 7. h3 0-0 8. c3 a5 9. Re1 Re8 10. Bf1 Ba7 11. Qc2 Qd6 12. exd5 Qxd5 13. Ne4 Bf5 14. Bg5 Nd7 15. Be3 Rad8 16. Qb3 Qxb3 17. axb3 Bxe3 18. Rxe3 Be6 19. Ned2 Bd5 20. Nc4 Bxf3 21. Rxf3 b6 22. Re3 Kf8 23. Be2 f6 24. Bd1 Nc5 25. Bc2 Re7 26. Rd1 Ne6 27. Nd2 Nf4 28. Nf3 g6 29. Kh2 Nd5 30. Re2 Red7 31. g3 Nde7 32. Kg2 Kg7 33. Rde1 Nd5 34. Rd1 Kf8 35. Kf1 Nde7 36. Ree1 Nc8 37. Ke2 Re7 38. Kf1 f5 39. h4 Kg7 40. Re2 Kf6 41. Rde1 Rde8 42. Kg2 Nd6 43. Nd2 b5 44. Nf1 Nd8 45. Ra1 N8b7 46. Ne3 c6 47. Nf1 h6 48. Nd2 Rh8 49. Rae1 Nf7 50. f4 Rhe8 51. Nf3 Nbd6 52. fxe5+ Nxe5 53. d4 Nxf3 54. Kxf3 Rxe2 55. Rxe2 Rxe2 56. Kxe2 Ke6 57. Ke3 g5 58. hxg5 hxg5 59. Kf3 Kd5 60. Ke3 c5 61. dxc5 Kxc5 62. Kf3 b4 63. Ke3 Kd5 64. Bd3 Ke5 65. Bc2 f4+ 66. gxf4+ gxf4+ 67. Kf3 Nb5 68. Bd3 bxc3 69. bxc3 Nxc3 70. Bc4 Ne4 71. Bg8 Nd6 72. Bh7 Nb5 73. Bg8 Nd4+ 74. Kf2 Kd6 75. Kg2 Kc5 76. Kh3 Kb4 77. Kg4 f3 78. Kg3 Nxb3 79. Kxf3 a4 0-1

[Event "San Justo op"]
[Site "San Justo"]
[Date "2019.04.13"]
[Round "2.1"]
[White "Aguero, Raul Alberto"]
[Black "Hutt, Alejandro Gabriel"]
[Result "0-1"]
[WhiteElo "1470"]
[BlackElo "2033"]
[PlyCount "50"]
[EventDate "2019.04.13"]
[EventType "swiss"]
[EventRounds "6"]
[EventCountry "ARG"]
[SourceTitle "EXT 2024"]
[Source "ChessBase"]
[SourceDate "2023.10.10"]
[SourceVersion "1"]
[SourceVersionDate "2023.10.10"]
[SourceQuality "1"]

1. e4 c5 2. Nf3 g6 3. d3 Bg7 4. Nbd2 Nf6 5. g3 0-0 6. c3 d5 7. e5 Ng4 8. d4 cxd4 9. cxd4 Nc6 10. Bg2 Qb6 11. Nb3 a5 12. h3 a4 13. Nc5 Ngxe5 14. Nxe5 Nxe5 15. 0-0 Nc6 16. Nxa4 Qxd4 17. Qxd4 Nxd4 18. Nb6 Ra5 19. Nxc8 Rxc8 20. Bd2 Rb5 21. Kh2 Rxb2 22. Be3 Nf5 23. Rac1 Rbc2 24. Rxc2 Rxc2 25. Rc1 Nxe3 0-1

[Event "San Justo op"]
[Site "San Justo"]
[Date "2019.04.13"]
[Round "3.1"]
[White "Hutt, Alejandro Gabriel"]
[Black "Bisbal, Marcelo A"]
[Result "1-0"]
[WhiteElo "2033"]
[BlackElo "1774"]
[PlyCount "69"]
[EventDate "2019.04.13"]
[EventType "swiss"]
[EventRounds "6"]
[EventCountry "ARG"]
[SourceTitle "EXT 2024"]
[Source "ChessBase"]
[SourceDate "2023.10.10"]
[SourceVersion "1"]
[SourceVersionDate "2023.10.10"]
[SourceQuality "1"]

1. e4 Nf6 2. e5 Nd5 3. d4 d6 4. c4 Nb6 5. exd6 cxd6 6. Nc3 Bf5 7. Nf3 e6 8. Bf4 Be7 9. Rc1 0-0 10. Be2 N8d7 11. 0-0 Nf6 12. Nh4 Bg4 13. Bxg4 Nxg4 14. Qxg4 Bxh4 15. c5 dxc5 16. dxc5 Nd5 17. Rfd1 Be7 18. Be5 g6 19. Nxd5 exd5 20. b4 a5 21. b5 Rc8 22. Qd4 Qd7 23. a4 f6 24. Bd6 Bxd6 25. Qxd5+ Kg7 26. cxd6 Rfd8 27. Rxc8 Rxc8 28. h3 Rd8 29. Kh2 h5 30. Rd4 Kh6 31. b6 Rc8 32. Qxa5 Rc6 33. Qb5 f5 34. a5 Kh7 35. a6 1-0

[Event "Santa Fe Laguna Paiva op"]
[Site "Santa Fe"]
[Date "2019.03.10"]
[Round "4"]
[White "Orono, Luciano"]
[Black "Hutt, Alejandro Gabriel"]
[Result "1/2-1/2"]
[WhiteElo "1829"]
[BlackElo "2019"]
[PlyCount "57"]
[EventDate "2019.03.09"]
[EventType "swiss"]
[EventRounds "6"]
[EventCountry "ARG"]
[SourceTitle "CBM 189 Extra"]
[Source "ChessBase"]
[SourceDate "2019.05.31"]
[SourceVersion "1"]
[SourceVersionDate "2019.05.31"]
[SourceQuality "1"]

1. e4 g6 2. d4 Bg7 3. Nc3 c5 4. Nf3 Qa5 5. Be3 Nc6 6. Qd2 cxd4 7. Nxd4 Nf6 8. Be2 Nxe4 9. Nxe4 Qxd2+ 10. Bxd2 Nxd4 11. Bd3 d5 12. Nc3 e6 13. 0-0-0 Bd7 14. f4 0-0-0 15. Rhf1 h5 16. g3 Bc6 17. Be1 Nf5 18. Bf2 Kb8 19. Rfe1 Nd6 20. Ne2 Ne4 21. Bg1 h4 22. g4 b6 23. Nd4 Bb7 24. Nf3 h3 25. Bxe4 dxe4 26. Rxd8+ Rxd8 27. Ng5 Bh6 28. Nxe4 f5 29. gxf5 1/2-1/2

[Event "Cordoba Region-ch sf AAPC 2nd"]
[Site "Villa Maria"]
[Date "2018.10.27"]
[Round "2.1"]
[White "Hutt, Alejandro Gabriel"]
[Black "Yorio, Alfredo"]
[Result "1/2-1/2"]
[WhiteElo "2037"]
[BlackElo "1667"]
[PlyCount "90"]
[EventDate "2018.10.27"]
[EventType "swiss"]
[EventRounds "6"]
[EventCountry "ARG"]
[SourceTitle "EXT 2024"]
[Source "ChessBase"]
[SourceDate "2023.10.10"]
[SourceVersion "1"]
[SourceVersionDate "2023.10.10"]
[SourceQuality "1"]

1. d4 d5 2. c4 e6 3. Nc3 Nf6 4. cxd5 exd5 5. Bg5 Be7 6. e3 c6 7. Qc2 Nbd7 8. Bd3 0-0 9. Nf3 Re8 10. 0-0-0 a5 11. Kb1 Nf8 12. Ne5 Ng4 13. Bxe7 Qxe7 14. Nxg4 Bxg4 15. f3 Bd7 16. e4 dxe4 17. fxe4 b5 18. Rhf1 a4 19. e5 Reb8 20. Ne4 b4 21. Qd2 Be6 22. Rc1 Bd5 23. Nf6+ Kh8 24. Rf5 Be6 25. Rf3 Ng6 26. Ne4 Bd5 27. Rh3 f6 28. Nxf6 gxf6 29. Bxg6 Bg8 30. Rxc6 fxe5 31. Qe3 Rf8 32. Bd3 Rad8 33. dxe5 Rxd3 34. Qxd3 Qxe5 35. Re3 Qg7 36. Rd6 Rf2 37. Qd4 Rf1+ 38. Kc2 b3+ 39. axb3 Bxb3+ 40. Kc3 Rc1+ 41. Kb4 Rc4+ 42. Qxc4 Bxc4 43. Rd8+ Bg8 44. Ree8 Qxb2+ 45. Kxa4 Qxg2 1/2-1/2

[Event "Cordoba U2200"]
[Site "Cordoba"]
[Date "2018.09.01"]
[Round "1.1"]
[White "Castillo, Denis"]
[Black "Hutt, Alejandro Gabriel"]
[Result "0-1"]
[WhiteElo "1563"]
[BlackElo "2026"]
[PlyCount "46"]
[EventDate "2018.09.01"]
[EventType "swiss"]
[EventRounds "6"]
[EventCountry "ARG"]
[SourceTitle "EXT 2024"]
[Source "ChessBase"]
[SourceDate "2023.10.10"]
[SourceVersion "1"]
[SourceVersionDate "2023.10.10"]
[SourceQuality "1"]

1. d4 g6 2. c4 Bg7 3. Nc3 c5 4. d5 Nf6 5. Nf3 0-0 6. e4 d6 7. Be2 e6 8. 0-0 exd5 9. exd5 Re8 10. Bg5 h6 11. Bh4 g5 12. Bg3 Nh5 13. Nd2 Nxg3 14. fxg3 Nd7 15. Bh5 Ne5 16. Be2 Qe7 17. Nf3 Ng4 18. Bd3 Qe3+ 19. Kh1 Bxc3 20. bxc3 Nf2+ 21. Rxf2 Qxf2 22. Qa4 Bh3 23. Bf1 Re2 0-1

[Event "Cordoba Jesus Maria op"]
[Site "Cordoba"]
[Date "2018.05.06"]
[Round "4"]
[White "Hutt, Alejandro Gabriel"]
[Black "Perafan, Franco"]
[Result "1-0"]
[WhiteElo "1984"]
[BlackElo "1783"]
[PlyCount "63"]
[EventDate "2018.05.05"]
[EventType "swiss"]
[EventRounds "6"]
[EventCountry "ARG"]
[SourceTitle "CBM 184 Extra"]
[Source "ChessBase"]
[SourceDate "2018.06.28"]
[SourceVersion "1"]
[SourceVersionDate "2018.06.28"]
[SourceQuality "1"]

1. Nf3 Nf6 2. c4 g6 3. Nc3 Bg7 4. d4 d5 5. Bg5 Ne4 6. cxd5 Nxc3 7. bxc3 Qxd5 8. e3 Nd7 9. Be2 Nf6 10. Qa4+ Qd7 11. Qb3 Ne4 12. Bf4 0-0 13. 0-0 c6 14. Bd3 Nd6 15. Rab1 b6 16. Ne5 Qc7 17. c4 c5 18. d5 h5 19. h3 Bxe5 20. Bxe5 Kh7 21. Qd1 f5 22. e4 Qd8 23. f3 Rf7 24. Bc3 Ba6 25. e5 Nxc4 26. Qa4 Qxd5 27. Rfd1 Nxe5 28. Bxa6 Nxf3+ 29. Kh1 Nd4 30. Bc4 b5 31. Bxd5 bxa4 32. Bxd4 1-0

[Event "Cordoba Jesus Maria op"]
[Site "Cordoba"]
[Date "2018.05.05"]
[Round "1"]
[White "Lopez, Hector1"]
[Black "Hutt, Alejandro Gabriel"]
[Result "0-1"]
[WhiteElo "1586"]
[BlackElo "1984"]
[PlyCount "104"]
[EventDate "2018.05.05"]
[EventType "swiss"]
[EventRounds "6"]
[EventCountry "ARG"]
[SourceTitle "CBM 184 Extra"]
[Source "ChessBase"]
[SourceDate "2018.06.28"]
[SourceVersion "1"]
[SourceVersionDate "2018.06.28"]
[SourceQuality "1"]

1. d4 Nf6 2. c4 g6 3. Nc3 Bg7 4. e4 d6 5. Bd3 0-0 6. Nge2 c5 7. d5 Ng4 8. f3 Ne5 9. Be3 Na6 10. b3 Qa5 11. Qd2 Nb4 12. Bc2 f5 13. 0-0 Nxc2 14. Qxc2 fxe4 15. fxe4 Bg4 16. Rae1 Rf7 17. Rxf7 Nxf7 18. Bd2 Qc7 19. h3 Bd7 20. Nf4 Ne5 21. Ne6 Qc8 22. Nxg7 Kxg7 23. Bg5 Bxh3 24. Rf1 Qd7 25. Qf2 Bg4 26. Qh4 Re8 27. Bh6+ Kg8 28. Qf2 Qc8 29. Qf4 a6 30. Na4 b5 31. Nb6 Qb8 32. cxb5 axb5 33. a4 c4 34. a5 cxb3 35. Kh1 Be2 36. Rb1 b2 37. Qd2 Bd3 38. Rxb2 Bxe4 39. Qd4 Bf5 40. Rxb5 Qc7 41. Rb2 Rb8 42. Be3 Bd3 43. Bh6 Qc5 44. Qh4 Re8 45. Rf2 Nf7 46. Bf4 Qxa5 47. Be3 Qe1+ 48. Kh2 Qxe3 49. Nd7 Qh6 50. g3 Qxh4+ 51. gxh4 Bb5 52. Nb6 Rb8 0-1

[Event "Villa Maria U2200"]
[Site "Villa Maria"]
[Date "2017.10.07"]
[Round "3.4"]
[White "Azcona, Juan"]
[Black "Hutt, Alejandro Gabriel"]
[Result "1/2-1/2"]
[WhiteElo "1839"]
[BlackElo "1982"]
[PlyCount "128"]
[EventDate "2017.10.07"]
[EventType "swiss"]
[EventRounds "6"]
[EventCountry "ARG"]
[SourceTitle "EXT 2024"]
[Source "ChessBase"]
[SourceDate "2023.10.10"]
[SourceVersion "1"]
[SourceVersionDate "2023.10.10"]
[SourceQuality "1"]

1. e4 c5 2. Nf3 g6 3. d4 cxd4 4. Nxd4 Nc6 5. c4 Nf6 6. Nc3 d6 7. Be2 Nxd4 8. Qxd4 Bg7 9. Be3 0-0 10. Qd2 Be6 11. f3 Qa5 12. 0-0 Rfc8 13. b3 a6 14. Rac1 b5 15. cxb5 axb5 16. Bd4 Qb4 17. Rfd1 Rc7 18. Qd3 Bd7 19. Bxf6 Bxf6 20. Nd5 Qd4+ 21. Qxd4 Bxd4+ 22. Kf1 Rxc1 23. Rxc1 Kf8 24. Rc2 Rb8 25. Bd3 Ke8 26. Ke2 Kd8 27. h3 e6 28. Ne3 Rc8 29. Rxc8+ Kxc8 30. Nc2 Bb2 31. Kd2 Kb7 32. b4 Kb6 33. Ne3 Bc6 34. Nd1 Bg7 35. Nc3 d5 36. exd5 exd5 37. Bc2 Bf8 38. a3 Bh6+ 39. Kd1 f5 40. Bb3 d4 41. Ne2 d3 42. Nc1 d2 43. Nd3 Kc7 44. Ke2 Kd6 45. g3 Bd5 46. Bc2 Bc4 47. f4 Kd5 48. Kxd2 Bg7 49. g4 Kd4 50. gxf5 gxf5 51. Ne1 Be6 52. Nf3+ Kc4 53. Bd3+ Kb3 54. Bxb5 Kxa3 55. Ng5 Bg8 56. Bd3 Kxb4 57. Bxf5 h6 58. Nf3 Kc5 59. Ke3 Kd5 60. Be4+ Ke6 61. f5+ Kf6 62. Kf4 h5 63. h4 Bh6+ 64. Ng5 Bc4 1/2-1/2

[Event "San Francisco-ch 72th"]
[Site "San Francisco"]
[Date "2016.11.28"]
[Round "6.1"]
[White "Marson, Juan Miguel"]
[Black "Hutt, Alejandro Gabriel"]
[Result "1/2-1/2"]
[WhiteElo "1819"]
[BlackElo "2014"]
[PlyCount "98"]
[EventDate "2016.11.26"]
[EventType "swiss"]
[EventRounds "6"]
[EventCountry "ARG"]
[SourceTitle "EXT 2024"]
[Source "ChessBase"]
[SourceDate "2023.10.10"]
[SourceVersion "1"]
[SourceVersionDate "2023.10.10"]
[SourceQuality "1"]

1. Nf3 c5 2. c4 Nc6 3. Nc3 g6 4. g3 Bg7 5. Bg2 d6 6. 0-0 Bf5 7. Re1 Qd7 8. d3 Bh3 9. Bh1 h5 10. Ng5 h4 11. Qa4 hxg3 12. hxg3 Rc8 13. Nd5 f6 14. Nf3 g5 15. Rb1 Nh6 16. a3 Nf7 17. b4 b6 18. bxc5 dxc5 19. Bb2 Kf8 20. Ne3 Nd6 21. Nd2 Qe8 22. Bf3 Bd7 23. Qd1 Nf7 24. g4 Nfe5 25. Kg2 Rh4 26. Rh1 Ng6 27. Qg1 Nd4 28. Rxh4 Nxh4+ 29. Kf1 Ndxf3 30. Nxf3 Nxf3 31. exf3 Qg6 32. Ke2 Rd8 33. Rd1 e6 34. Qg3 Ba4 35. Rd2 Qf7 36. Qh3 Ke7 37. Qg3 Ke8 38. f4 Bf8 39. fxg5 Bd6 40. Qh4 fxg5 41. Qxg5 Bf4 42. Qf6 Qxf6 43. Bxf6 Rd7 44. Kf3 e5 45. Ke4 Rd4+ 46. Kf3 Kf7 47. Bh4 Bc6+ 48. Ke2 Kg6 49. Nf5 Rd7 1/2-1/2

[Event "San Francisco-ch 72th"]
[Site "San Francisco"]
[Date "2016.11.27"]
[Round "4.3"]
[White "Anchino, Victor"]
[Black "Hutt, Alejandro Gabriel"]
[Result "1/2-1/2"]
[WhiteElo "2137"]
[BlackElo "2014"]
[PlyCount "64"]
[EventDate "2016.11.26"]
[EventType "swiss"]
[EventRounds "6"]
[EventCountry "ARG"]
[SourceTitle "EXT 2024"]
[Source "ChessBase"]
[SourceDate "2023.10.10"]
[SourceVersion "1"]
[SourceVersionDate "2023.10.10"]
[SourceQuality "1"]

1. d4 Nf6 2. Nf3 g6 3. c4 Bg7 4. Nc3 0-0 5. e4 d6 6. Be2 Na6 7. 0-0 e5 8. dxe5 dxe5 9. Qc2 c6 10. Rd1 Qe7 11. a3 Nh5 12. Be3 Nc7 13. Qd2 Ne6 14. Qd6 Qxd6 15. Rxd6 Nef4 16. Bf1 Bg4 17. Rad1 Rfe8 18. b4 Bf8 19. R6d2 a5 20. c5 axb4 21. axb4 Be7 22. Rc1 Bxf3 23. gxf3 Red8 24. Rxd8+ Rxd8 25. Rd1 Rxd1 26. Nxd1 Ne6 27. Nb2 Bd8 28. Nc4 Bc7 29. Bh3 Nhf4 30. Bxf4 Nxf4 31. Bf1 Kf8 32. Nb2 Ke7 1/2-1/2

[Event "San Francisco-ch 72th"]
[Site "San Francisco"]
[Date "2016.11.27"]
[Round "3.1"]
[White "Hutt, Alejandro Gabriel"]
[Black "Anchino, Leonardo"]
[Result "0-1"]
[WhiteElo "2014"]
[BlackElo "1915"]
[PlyCount "78"]
[EventDate "2016.11.26"]
[EventType "swiss"]
[EventRounds "6"]
[EventCountry "ARG"]
[SourceTitle "EXT 2024"]
[Source "ChessBase"]
[SourceDate "2023.10.10"]
[SourceVersion "1"]
[SourceVersionDate "2023.10.10"]
[SourceQuality "1"]

1. Nf3 d5 2. g3 Nf6 3. Bg2 c5 4. 0-0 Nc6 5. d4 e6 6. c4 Be7 7. cxd5 exd5 8. Nc3 c4 9. Ne5 0-0 10. Be3 Qa5 11. Bd2 Qd8 12. Be3 Qa5 13. Bd2 Qd8 14. Nxc6 bxc6 15. Qa4 Bd7 16. Qc2 Qb6 17. e4 Be6 18. Bg5 Rae8 19. Rad1 dxe4 20. Nxe4 Nxe4 21. Bxe7 Rxe7 22. Bxe4 f5 23. Bg2 Bd5 24. Qc3 Re2 25. Rd2 Rfe8 26. Rxe2 Rxe2 27. Bxd5+ cxd5 28. b3 Qe6 29. bxc4 dxc4 30. Qa5 h5 31. Qxa7 c3 32. Qa8+ Kh7 33. Qf3 c2 34. d5 Qe5 35. Qd3 Qe4 36. Qxe4 fxe4 37. Rc1 Rd2 38. Kg2 e3 39. d6 e2 0-1

[Event "Mar del Plata Duchamp op 45th"]
[Site "Mar del Plata"]
[Date "2014.04.13"]
[Round "2"]
[White "Pierrot, Juan Facundo"]
[Black "Hutt, Alejandro Gabriel"]
[Result "1/2-1/2"]
[WhiteElo "2388"]
[BlackElo "2125"]
[PlyCount "66"]
[EventDate "2014.04.12"]
[EventType "swiss"]
[EventRounds "9"]
[EventCountry "ARG"]
[SourceTitle "CBM 159 Extra"]
[Source "ChessBase"]
[SourceDate "2014.04.24"]
[SourceVersion "1"]
[SourceVersionDate "2014.04.24"]
[SourceQuality "1"]

1. e4 c6 2. d4 d5 3. Nd2 dxe4 4. Nxe4 Bf5 5. Ng3 Bg6 6. h4 h6 7. Nf3 Nf6 8. Ne5 Bh7 9. Bd3 Bxd3 10. Qxd3 Nbd7 11. f4 e6 12. Bd2 Qc7 13. 0-0-0 Bd6 14. Qf3 Rf8 15. h5 0-0-0 16. Nc4 Nb6 17. Nxd6+ Qxd6 18. f5 Qd5 19. Qxd5 Rxd5 20. fxe6 fxe6 21. c3 Kd7 22. Rdf1 Ke7 23. Kc2 Nc4 24. Bf4 Ng4 25. Rf3 Nge3+ 26. Rxe3 Rxf4 27. Re2 Rg5 28. Ne4 Rxg2 29. Rxg2 Ne3+ 30. Kb3 Nxg2 31. Nc5 Rf5 32. Rg1 Rg5 33. Ne4 Rg4 1/2-1/2

[Event "AAPC Provincial-ch"]
[Site "Villa Carlos Paz"]
[Date "2003.06.13"]
[Round "4"]
[White "Demaria, Juan Pablo"]
[Black "Hutt, Alejandro Gabriel"]
[Result "1-0"]
[WhiteElo "2209"]
[BlackElo "2122"]
[PlyCount "86"]
[EventDate "2003.06.13"]
[EventType "swiss"]
[EventRounds "9"]
[EventCountry "ARG"]
[SourceTitle "CBM 094 Extra"]
[Source "ChessBase"]
[SourceDate "2003.07.09"]
[SourceVersion "2"]
[SourceVersionDate "2003.07.09"]
[SourceQuality "1"]

1. e4 c5 2. Nf3 Nc6 3. d4 cxd4 4. Nxd4 Qc7 5. Nc3 e6 6. Be3 a6 7. Bd3 Nf6 8. 0-0 h5 9. h3 b5 10. Qd2 Bb7 11. Rae1 Bd6 12. f4 Nxd4 13. Bxd4 Bc5 14. Qf2 Rc8 15. e5 b4 16. Bxc5 Qxc5 17. Qxc5 Rxc5 18. Na4 Ra5 19. Nb6 Rxa2 20. exf6 gxf6 21. b3 Rg8 22. Rf2 d5 23. Na4 a5 24. Bf1 Bc6 25. Nc5 Ke7 26. Nd3 Rb8 27. Rb1 Kd6 28. h4 d4 29. Rd1 Bd5 30. Nc1 Ra1 31. Be2 e5 32. fxe5+ fxe5 33. Bxh5 Rh8 34. Bxf7 Rxh4 35. Bxd5 Kxd5 36. Re2 e4 37. g3 Rg4 38. Kg2 a4 39. bxa4 Ra3 40. Nb3 d3 41. Nc1 Kd4 42. cxd3 exd3 43. Red2 Rxa4 1-0

[Event "Provincial Mayor AAPC"]
[Site "San Francisco"]
[Date "2002.11.02"]
[Round "4"]
[White "Hutt, Alejandro Gabriel"]
[Black "Tobares, Leandro"]
[Result "1/2-1/2"]
[WhiteElo "2122"]
[BlackElo "2283"]
[PlyCount "84"]
[EventDate "2002.11.01"]
[EventType "tourn"]
[EventRounds "7"]
[EventCountry "ARG"]
[SourceTitle "CBM 091 Extra"]
[Source "ChessBase"]
[SourceDate "2003.01.09"]
[SourceVersion "1"]
[SourceVersionDate "2003.01.09"]
[SourceQuality "1"]

1. e4 c5 2. c3 d6 3. d4 Nf6 4. dxc5 Nc6 5. cxd6 Nxe4 6. dxe7 Qxd1+ 7. Kxd1 Nxf2+ 8. Ke1 Nxh1 9. exf8Q+ Kxf8 10. g3 Bf5 11. Be3 Re8 12. Kd2 f6 13. Bg2 Rd8+ 14. Ke1 Re8 15. Kd2 Ne5 16. Na3 Rd8+ 17. Ke2 Bd3+ 18. Ke1 Ng4 19. Bd4 Re8+ 20. Kd2 Be4 21. Bxe4 Rxe4 22. Nh3 Nxh2 23. Rxh1 Nf3+ 24. Kd3 Rg4 25. Bf2 Kf7 26. Ke2 Ne5 27. Rd1 a6 28. Nc2 Re8 29. Kf1 g5 30. Ne3 Ra4 31. a3 Kg6 32. Rd6 Nc4 33. Nxc4 Rxc4 34. Bd4 Rc6 35. Rd7 b5 36. Nf2 h5 37. Nd3 Rce6 38. Ra7 Kf5 39. Rf7 Kg6 40. Ra7 Kf5 41. Rf7 Kg6 42. Rc7 Kf5 1/2-1/2